Fundamentos de matemáticas universitarias (Registro nro. 438)
[ vista simple ]
| 000 -LEADER | |
|---|---|
| fixed length control field | 01290 a2200253 4500 |
| 001 - CONTROL NUMBER | |
| control field | 4860 |
| 005 - DATE AND TIME OF LATEST TRANSACTION | |
| control field | 20260407155436.0 |
| 008 - FIXED-LENGTH DATA ELEMENTS--GENERAL INFORMATION | |
| fixed length control field | 260407a1988 arg spa d |
| 003 - CONTROL NUMBER IDENTIFIER | |
| control field | AR-UNSa-BCEJYS |
| 040 ## - CATALOGING SOURCE | |
| Original cataloging agency | AR-UNSa-BCEJYS |
| Language of cataloging | spa |
| Transcribing agency | AR-UNSa-BCEJYS |
| 080 ## - UNIVERSAL DECIMAL CLASSIFICATION NUMBER | |
| Universal Decimal Classification number | 512 |
| Common auxiliary subdivision | Algebra |
| 020 ## - INTERNATIONAL STANDARD BOOK NUMBER | |
| International Standard Book Number | 968-6046-95-X |
| 100 1# - MAIN ENTRY--PERSONAL NAME | |
| Personal name | Allendoerfer, Carl B. |
| 245 10 - TITLE STATEMENT | |
| Title | Fundamentos de matemáticas universitarias |
| 250 ## - EDITION STATEMENT | |
| Edition statement | 3a. ed. |
| 264 #1 - PRODUCTION, PUBLICATION, DISTRIBUTION, MANUFACTURE, AND COPYRIGHT NOTICE | |
| Place of production, publication, distribution, manufacture | México : |
| Name of producer, publisher, distributor, manufacturer | McGraw-Hill |
| Date of production, publication, distribution, manufacture, or copyright notice | 1988 |
| 300 ## - PHYSICAL DESCRIPTION | |
| Extent | xiv, 636 p. |
| Dimensions | 23 cm. |
| 505 ## - FORMATTED CONTENTS NOTE | |
| Formatted contents note | 1. El método matemático - 2. El sistema de los números - 3. Polinomios - 4. Fracciones algebraicas - 5. Exponentes y radicales - 6. Ecuaciones - 7. Vectores y matrices - 8. Desigualdades - 9. Funciones y relaciones - 10. Funciones algebraicas - 11. Funciones exponenciales y logaritmicas - 12. Funciones trigonometricas de angulos - 13. Funciones trigonométricas de números reales - 14. Geometria análitica - 15. Integración intuitiva - 16. Derivación intuitiva - 17. Funciones hiperbólicas - |
| 590 ## - LOCAL NOTE (RLIN) | |
| Local note | niveau_biblio:m niveau_hierar:0 |
| 700 1# - ADDED ENTRY--PERSONAL NAME | |
| Personal name | Oakley, Cletus O. |
| 700 1# - ADDED ENTRY--PERSONAL NAME | |
| Personal name | Linares Alonso, Antonio |
| 856 41 - ELECTRONIC LOCATION AND ACCESS | |
| Uniform Resource Identifier | <a href="https://t0.gstatic.com/images?q=tbn:ANd9GcTHYTwn54q1QTnCB2EryimC9wDwkskYG_m18jLikWsscRcAUlaa">https://t0.gstatic.com/images?q=tbn:ANd9GcTHYTwn54q1QTnCB2EryimC9wDwkskYG_m18jLikWsscRcAUlaa</a> |
| Link text | Imagen de portada |
| Electronic format type | image/jpeg |
| 942 ## - ADDED ENTRY ELEMENTS (KOHA) | |
| Koha item type | |
| Withdrawn status | Lost status | Damaged status | Not for loan | Home library | Current library | Shelving location | Date acquired | Total checkouts | Full call number | Barcode | Date last seen | Price effective from | Koha item type | Public note |
|---|---|---|---|---|---|---|---|---|---|---|---|---|---|---|
| Biblioteca Prof. Eusebio Cleto del Rey | Biblioteca Prof. Eusebio Cleto del Rey | 07/04/2026 | 512 A425 3ed. | L69872 | 07/04/2026 | 07/04/2026 | Libro | |||||||
| Biblioteca Prof. Eusebio Cleto del Rey | Biblioteca Prof. Eusebio Cleto del Rey | 07/04/2026 | 512 A425 3ed. | L21633 | 07/04/2026 | 07/04/2026 | Libro | |||||||
| Biblioteca Prof. Eusebio Cleto del Rey | Biblioteca Prof. Eusebio Cleto del Rey | 07/04/2026 | 512 A425 3ed. | L45673 | 07/04/2026 | 07/04/2026 | Libro | |||||||
| Biblioteca Prof. Eusebio Cleto del Rey | Biblioteca Prof. Eusebio Cleto del Rey | 07/04/2026 | 512 A425 3ed. | L45672 | 07/04/2026 | 07/04/2026 | Libro | |||||||
| Biblioteca Prof. Eusebio Cleto del Rey | Biblioteca Prof. Eusebio Cleto del Rey | 07/04/2026 | 512 A425 3ed. | L45671 | 07/04/2026 | 07/04/2026 | Libro | |||||||
| Biblioteca Prof. Eusebio Cleto del Rey | Biblioteca Prof. Eusebio Cleto del Rey | 07/04/2026 | 512 A425 3ed. | L45674 | 07/04/2026 | 07/04/2026 | Libro | CANTO INFERIOR ESCRITO CON LAPICERA AZUL - CANTO MANCHADO - 4° PÁG DOBLADA - LÁPIZ - TAPA SEMIDESPEGADA |